00663nam a22001937a 4500999001900000005001700019010001300036020002600049035001100075037001300086082000800099100004100107245007400148246005200222260005200274270009200326300002300418942002800441 c175571d17557120200909143647.0 aUR-10848 c107.00a9789389733150 aU-9403 bDBAD/PUB a841 aمعر ا ج ا حمد معر ا ج  aحر ف حر ف ا عتبا ر cمعر ا ج ا حمد معر ا ج  bHarf Harf Aitbar (Urdu)aby Meraj Ahmed Meraj  aN.Delhi bEducational Publishing Housec2019 ء aH.O.D1/16,Ansari Road,Darya ganj,bN.Delhie110002k45678285,23216162l0091-11-23211540 a160 ص c22 Cm(Hb) 2ddccURh841mم ع ر